000 00579nam a2200169 i 4500
001 59196
003 ES-MaACL
005 20230906164002.0
007 t|
008 031028s1969 sp ||||1| spa d
100 1 _aElluin, Jacques.
_947061
245 1 0 _aPesca marina a la espera, en vertical y lanzada /
_cJacques Elluin ; prólogo de Philippe Pierre Decantelle ; [traducido por A. Santamaría Díez].
260 _aMadrid :
_bParaninfo,
_c1969.
300 _a108 p. :
_bil. ;
_c17 cm.
700 1 _aDecantelle, Philippe Pierre.
_943152
852 _aES-MaACL
_jC-36550
_bR.70594
999 _c59196
_d59196